Welsh Cities and Towns' English Names - Statistics

General Stats
  • This quiz has been taken 62 times
  • The average score is 10 of 19
Answer Stats
Welsh Name English Name % Correct
Caerdydd Cardiff
98%
Abertawe Swansea
93%
Wrecsam Wrexham
93%
Casnewydd Newport
85%
Y Rhyl Rhyl
83%
Y Barri Barry
80%
Castell-nedd Neath
61%
Caerfyrddin Carmarthen
52%
Dinbych Denbigh
52%
Penfro Pembroke
46%
Dinbych-y-pysgod Tenby
46%
Caergybi Holyhead
43%
Tyddewi St. Davids
39%
Abergwaun Fishguard
28%
Aberdaugleddau Milford Haven
28%
Llanbedr Pont Steffan Lampeter
22%
Llanelwy St. Asaph
20%
Wdig Goodwick
13%
Brynbuga Usk
11%
No matching quizzes found
Score Distribution
Percent of People with Each Score
Percentile by Number Answered
Your Score History
You have not taken this quiz